1886 1744 1281 1491 1527 1178 1826 1622 1566 1972 1409 1701 1410 1917 1854 1719 1454 1130 1215 1436 1123 1277 1726 1436 1116 1222 1014 1869 1092 1940 1549 1684 1119 1739 1436 1076 1789 1507 1252 1805 1352 1895 1951 1791 1549 1989 1387 1101 1487 1841 1013 1481 1270 1316 1933 1892 1147 1650 1550 1140 1169 1196 1801 1062 1136 1210 1820 1953 1680 1613 1389 1896 1290 1635 1986 1939 1904 1712 1432 1993 1678 1719 1894 1588 1939 1185 1705 1865 1627 1836 1275 1767 1909 1884 1253 1909 1078 1428 1298 BCNSPRNW ULIB Ver.6.0+V

เปลี่ยนเป็นภาษาไทย

Change to English
 แสดงรายละเอียดบรรณานุกรม
  กลับหน้าหลัก

Brief Record : Get Marc (ISO 2709) : E-mail record : QR code < ปิดหน้าต่าง
LEADER : 00000nam 2200000uu 4500
001    13399109318
003     ULIB
008    110329s2543||||th 000 0 tha d
020    9742932212
060 04 WA590^bก218ก 2543
245 00 กระบวนการสุขศึกษากับการพัฒนาพฤติกรรมสุขภาพ :^bก้าวสู่ยุค2000 /^cโดย เยาวลักษณ์ อนุรักษ์ ... [และคนอื่นๆ]
250    พิมพ์ครั้งที่ 1
260    กรุงเทพฯ :^bซิกม่าดีไซน์กราฟฟิก,^c2543
300    99 หน้า :^bภาพประกอบ ;^c29 ซม.
650  7 การส่งเสริมสุขภาพ
650  7 พฤติกรรมสุขภาพ
650  7 สุขศึกษา
700 0  เยาวลักษณ์ อนุรักษ์
945    ^p139^l0^i015640
945    ^p139^l0^i015639
995    ทศพร
999 ^a ใช้งานได้ทุกระบบ
รายการนี้ยังไม่มีแท็ก
คุณยังไม่ได้ล็อกอิน คุณสามารถมีกิจกรรมร่วมกับเว็บไซต์ได้ แต่ต้องล็อกอินก่อน ::
  ล็อกอิน

รายการสื่อสารสนเทศ

ลำดับที่ ประเภท เลขเรียก/บาร์โค้ด สถานที่ สถานะ
- ไม่พบข้อมูล -

รายการใกล้เคียง
    หัวเรื่อง [การส่งเสริมสุขภาพ]
    หัวเรื่อง [พฤติกรรมสุขภาพ]
    หัวเรื่อง [สุขศึกษา]

BibComment


ยังไม่เคยถูกคอมเมนท์

คอมเมนท์ทรัพยากรรายการนี้
  คอมเมนท์: กระบวนการสุขศึกษา..


 Copyright 2026. Bcnsprnw @Library